LEADER 01017nam a2200229 i 4500 001 000000053260 003 CaOOAMICUS 005 20120825000000.0 008 120825s1969 it u000 u ita u 013 $a24432 040 $aSeMil$bita 100 1 $aDe Luca, Pietro.$0(OLS)http://semarc/name/26299 245 13$aIl diritto di libertà religiosa :$bnel pensiero costituzionalistico ed ecclesiastico contemporaneo /$cPietro De Luca. 260 $aPadova :$bCEDAM,$c1969. 300 $aXXIII, 360 p. ;$c25 cm. 500 $aContiene : Indice bibliografico. 650 4$aDiritto ecclesiastico.$0(OLS)http://semarc/subject/933 650 4$aLibertà religiosa.$0(OLS)http://semarc/subject/6329 850 $aSeMil 852 $aSeMil$W1$xVenegono$y1$m2H IV 113$j19414$B19414$CSeMilBibl$Z2$F19416 $81 996 $6245$aIl diritto di libertà religiosa :$bnel pensiero costituzionalistico ed ecclesiastico contemporaneo$9(OLS)http://semarc/title/82013 996 $6260$aPadova :$bCEDAM$9(OLS)http://semarc/publisher/30274 LEADER 01327nam a2200301 i 4500 001 000000155449 003 CaOOAMICUS 005 20061110000000.0 008 061110s2006 it u000 u ita u 013 $a132801 020 $a88-215-5769-3 040 $aSeMil$bita 100 1 $aReale, Giovanni,$d<1931-2014>.$0(OLS)http://semarc/name/74 245 10$aAgostino e la scrittura dell'interiorità /$cGiovanni Reale, Carlo Sini ; Con introduzione e a cura di Massimiliano Finazzer Flory. 260 $aCinisello Balsamo :$bSan Paolo,$c2006. 300 $a59 p. ;$c21 cm. 490 0 $aA passo d'uomo 500 $aContiene : Appendice. 600 04$aAgostino, Aurelio .$0(OLS)http://semarc/subject/1856 700 1 $aFinazzer Flory, Massimiliano.$0(OLS)http://semarc/name/7735 700 1 $aSini, Carlo,$d<1933- >.$0(OLS)http://semarc/name/2635 830 0$aA passo d'uomo.$0(OLS)http://semarc/title/6624 850 $aSeMil 852 $aSeMil$W1$xVenegono$y1$m2S II 282$j107280$B107280$CSeMilBibl$Z2$F116812 $81 961 $aOmaggio: Braccini Annamaria 996 $6020$a88-215-5769-3$9(OLS)http://semarc/number/145471 996 $6245$aAgostino e la scrittura dell'interiorità$9(OLS)http://semarc/title/227645 996 $6260$aCinisello Balsamo :$bSan Paolo$9(OLS)http://semarc/publisher/30129